1782 1593 1138 1901 1242 1226 1034 1556 1291 1280 1384 1425 1434 1102 1732 1432 1923 1325 1169 1236 1155 1288 1463 1359 1369 1352 1893 1611 1694 1440 1688 1939 1898 1671 1489 1479 1370 1834 1611 1587 1832 1734 1717 1051 1059 1836 1364 1356 1037 1329 1935 1171 1574 1137 1197 1165 1664 1754 1244 1791 1296 1050 1400 1923 1434 1966 1058 1673 1141 1818 1534 1368 1883 1578 1927 1430 1996 1883 1888 1834 1055 1690 1936 1746 1173 1416 1546 1906 1906 1555 1853 1054 1466 1244 1742 1675 1878 1911 1728 BCNSPRNW ULIB Ver.6.0+V

เปลี่ยนเป็นภาษาไทย

Change to English
 แสดงรายละเอียดบรรณานุกรม
  กลับหน้าหลัก

Brief Record : Get Marc (ISO 2709) : E-mail record : QR code < ปิดหน้าต่าง
LEADER : 00000nam 2200000uu 4500
001    13399111855
003     ULIB
008    110627s2552||||th 000 0 tha d
020    9786115000173
090    นว.^bณ429ร 2552
100 0  ณารา
245 00 รักร้าย/^cณารา
250    พิมพ์ครั้งที่ 4
260    กรุงเทพฯ :^bพิมพ์คำ,^c2552
300    532 หน้า
945    ^p320^l0^i028057
995    ทศพร
999 ^a ใช้งานได้ทุกระบบ
รายการนี้ยังไม่มีแท็ก
คุณยังไม่ได้ล็อกอิน คุณสามารถมีกิจกรรมร่วมกับเว็บไซต์ได้ แต่ต้องล็อกอินก่อน ::
  ล็อกอิน

รายการสื่อสารสนเทศ

ลำดับที่ ประเภท เลขเรียก/บาร์โค้ด สถานที่ สถานะ
- ไม่พบข้อมูล -

รายการใกล้เคียง
    ผู้แต่ง [ณารา]

BibComment


ยังไม่เคยถูกคอมเมนท์

คอมเมนท์ทรัพยากรรายการนี้
  คอมเมนท์: รักร้าย ณารา


 Copyright 2026. Bcnsprnw @Library